International Business. (Record no. 2416)

MARC details
000 -LEADER
fixed length control field 00424nam a22001697a 4500
005 - DATE AND TIME OF LATEST TRANSACTION
control field 20180327111846.0
008 - FIXED-LENGTH DATA ELEMENTS--GENERAL INFORMATION
fixed length control field 160611b xxu||||| |||| 00| 0 eng d
020 ## - INTERNATIONAL STANDARD BOOK NUMBER
ISBN 978-81-203-2426-8
041 ## - LANGUAGE CODE
Language code of text/sound track or separate title eng
082 ## - DEWEY DECIMAL CLASSIFICATION NUMBER
Item number 6940
Classification number 338.88
100 ## - MAIN ENTRY--AUTHOR NAME
Personal name Paul, Justin
245 ## - TITLE STATEMENT
Title International Business.
260 ## - PUBLICATION, DISTRIBUTION, ETC. (IMPRINT)
Place of publication New Delhi
Name of publisher Prentice hall of India Pvt. Ltd.
300 ## - PHYSICAL DESCRIPTION
Number of Pages 262
650 ## - SUBJECT ADDED ENTRY--TOPICAL TERM
Topical Term Management
942 ## - ADDED ENTRY ELEMENTS (KOHA)
Koha item type Books
Holdings
Lost status Damaged status Collection code Home library Current library Shelving location Date acquired Cost, normal purchase price Full call number Accession Number Koha item type
    MANAGEMENT JRU Library JRU Library SHELF-32-G 11/06/2016 250.00 338.88 6940 Books
    MANAGEMENT JRU Library JRU Library SHELF-32-G 11/06/2016 250.00 338.88 6941 Books
    Reference JRU Library   SHELF-30-D 11/06/2016 250.00 338.88 6942 Books
    MANAGEMENT JRU Library JRU Library SHELF-32-G 11/06/2016 250.00 338.88 6943 Books
    MANAGEMENT JRU Library JRU Library SHELF-32-G 11/06/2016 250.00 338.88 6944 Books
    MANAGEMENT JRU Library JRU Library SHELF-32-G 11/06/2016 250.00 338.88 6945 Books